Shared Franchise Names in North American Professional Sports - Statistics

General Stats
  • This quiz has been taken 63 times
  • The average score is 5 of 8
Answer Stats
Sports Leagues Answer % Correct
NFL, MLB Arizona Cardinals, St. Louis Cardinals
92%
NFL, MLB New York Giants, San Francisco Giants
86%
NFL, NHL New York Jets, Winnipeg Jets
82%
NFL, NHL, USFL Carolina Panthers, Florida Panthers, Michigan Panthers
69%
NBA, NHL Sacramento Kings, Los Angeles Kings
67%
MLB, NHL Texas Rangers, New York Rangers
61%
NFL, CFL Detroit Lions, BC Lions
39%
NHL, USFL Dallas Stars, Philadelphia Stars
33%
No matching quizzes found
Score Distribution
Percent of People with Each Score
Percentile by Number Answered
Your Score History
You have not taken this quiz